Aircraft loading and structural layout / (Record no. 594155)

000 -LEADER
fixed length control field 01153cam a22003377a 4500
001 - CONTROL NUMBER
control field 14886217
005 - DATE AND TIME OF LATEST TRANSACTION
control field 20230322172732.0
008 - FIXED-LENGTH DATA ELEMENTS--GENERAL INFORMATION
fixed length control field 070611s2004 vaua 001 0 eng d
010 ## - LIBRARY OF CONGRESS CONTROL NUMBER
LC control number 2007297787
020 ## - INTERNATIONAL STANDARD BOOK NUMBER
International Standard Book Number 1563477041
020 ## - INTERNATIONAL STANDARD BOOK NUMBER
International Standard Book Number 9781563477041
035 ## - SYSTEM CONTROL NUMBER
System control number (OCoLC)ocm56409209
035 ## - SYSTEM CONTROL NUMBER
System control number (OCoLC)56409209
040 ## - CATALOGING SOURCE
Original cataloging agency NAT
Transcribing agency NAT
Modifying agency OCLCQ
-- BAKER
-- YDXCP
-- LVB
-- BTCTA
-- DLC
042 ## - AUTHENTICATION CODE
Authentication code lccopycat
050 00 - LIBRARY OF CONGRESS CALL NUMBER
Classification number TL574.P7
Item number .H68 2004
082 00 - DEWEY DECIMAL CLASSIFICATION NUMBER
Classification number 629.1323
Edition number 22
Author Mark HOW
100 1# - MAIN ENTRY--PERSONAL NAME
Personal name Howe, Denis.
9 (RLIN) 111195
245 10 - TITLE STATEMENT
Title Aircraft loading and structural layout /
Statement of responsibility, etc. Denis Howe.
260 ## - PUBLICATION, DISTRIBUTION, ETC.
Place of publication, distribution, etc. Reston, VA :
Name of publisher, distributor, etc. American Institute of Aeronautics and Astronautics,
Date of publication, distribution, etc. c2004.
300 ## - PHYSICAL DESCRIPTION
Extent xxxii, 591 p. :
Other physical details ill. ;
Dimensions 25 cm.
440 #0 - SERIES STATEMENT/ADDED ENTRY--TITLE
Title AIAA education series
9 (RLIN) 1422
500 ## - GENERAL NOTE
General note Includes index.
650 #0 - SUBJECT ADDED ENTRY--TOPICAL TERM
Topical term or geographic name entry element Airplanes
General subdivision Performance.
9 (RLIN) 2215
650 #0 - SUBJECT ADDED ENTRY--TOPICAL TERM
Topical term or geographic name entry element Aerodynamic load.
9 (RLIN) 111196
650 #0 - SUBJECT ADDED ENTRY--TOPICAL TERM
Topical term or geographic name entry element Airplanes
General subdivision Design and construction.
9 (RLIN) 2216
906 ## - LOCAL DATA ELEMENT F, LDF (RLIN)
a 7
b cbc
c copycat
d 2
e ncip
f 20
g y-gencatlg
942 ## - ADDED ENTRY ELEMENTS (KOHA)
Source of classification or shelving scheme
Koha item type Book
Holdings
Withdrawn status Lost status Source of classification or shelving scheme Damaged status Not for loan Permanent Location Current Location Shelving location Date acquired Full call number Barcode Date last seen Price effective from Koha item type
          School of Mechanical & Manufacturing Engineering (SMME) School of Mechanical & Manufacturing Engineering (SMME) Aerospace Engineering 03/22/2023 629.1323 HOW SMME-3934 03/22/2023 03/22/2023 Book
© 2023 Central Library, National University of Sciences and Technology. All Rights Reserved.